[Event "Niedersachsen-ch op-A"]
[Site "Verden an der Aller"]
[Date "2020.01.05"]
[Round "7"]
[White "Rudolph, Max"]
[Black "Schubert, Matthias"]
[Result "0-1"]
[WhiteElo "1798"]
[BlackElo "1884"]
[PlyCount "104"]
[EventDate "2020.01.02"]
[EventType "swiss"]
[EventRounds "7"]
[EventCountry "GER"]
[SourceTitle "EXT 2023"]
[Source "ChessBase"]
[SourceDate "2022.10.05"]
[SourceVersion "1"]
[SourceVersionDate "2022.10.05"]
[SourceQuality "1"]

1. e4 e6 2. b3 d5 3. Bb2 Nf6 4. exd5 exd5 5. Nf3 Be7 6. Nc3 0-0 7. h3 Re8 8. Be2 d4 9. Nb5 c5 10. 0-0 a6 11. Na3 b5 12. Ne5 Bd6 13. Bf3 Ra7 14. Nd3 Rae7 15. Re1 Rxe1+ 16. Nxe1 Bc7 17. Ba8 Qd6 18. Nf3 Nbd7 19. d3 Ne5 20. Kf1 Nxf3 21. Qxf3 Qh2 22. g4 h5 23. Qg2 Qxg2+ 24. Bxg2 hxg4 25. h4 Ba5 26. Rd1 Kh7 27. Bc1 Kg6 28. Bf4 Re6 29. Nb1 Nh5 30. Bd2 Bxd2 31. Nxd2 f5 32. Kg1 Nf4 33. Nf1 Nxg2 34. Kxg2 f4 35. a4 Bb7+ 36. Kg1 Kh5 37. axb5 axb5 38. b4 Re5 39. bxc5 Kxh4 40. Ra1 Bc6 41. Nd2 Re2 42. Nb3 Rxc2 43. Nxd4 Rxc5 44. Ne6 Rf5 45. Nxg7 Rf7 46. Ne6 g3 47. Nd4 Bd5 48. Rb1 Kg4 49. fxg3 fxg3 50. Rxb5 Bb7 51. Ne6 g2 52. Nd8 Rf1+ 0-1

[Event "Lueneburg distr-ch Haupt"]
[Site "Muenster"]
[Date "2019.10.20"]
[Round "7"]
[White "Rudolph, Max"]
[Black "Schmidt, Ulrich1111"]
[Result "1/2-1/2"]
[WhiteElo "1797"]
[BlackElo "1779"]
[PlyCount "58"]
[EventDate "2019.10.17"]
[EventType "swiss"]
[EventRounds "7"]
[EventCountry "GER"]
[SourceTitle "EXT 2023"]
[Source "ChessBase"]
[SourceDate "2022.10.05"]
[SourceVersion "1"]
[SourceVersionDate "2022.10.05"]
[SourceQuality "1"]

1. e4 e6 2. b3 d5 3. Bb2 Nf6 4. e5 Nfd7 5. Qg4 f5 6. exf6 Nxf6 7. Qe2 Bd6 8. Nf3 Nc6 9. d4 Qe7 10. g3 Bd7 11. Bg2 0-0-0 12. 0-0 h5 13. c4 h4 14. Nxh4 Rxh4 15. gxh4 Rh8 16. cxd5 Bxh2+ 17. Kxh2 Nxd5 18. Rh1 Nf4 19. Qf3 Rxh4+ 20. Kg1 Nxg2 21. Qxg2 Nxd4 22. Rxh4 Qxh4 23. Bxd4 Qxd4 24. Qf3 Bc6 25. Qf8+ Kd7 26. Qf7+ Kd6 27. Qf8+ Kd7 28. Qf7+ Kd6 29. Qf8+ Kd7 1/2-1/2

[Event "Lueneburg distr-ch Haupt"]
[Site "Muenster"]
[Date "2019.10.18"]
[Round "4"]
[White "Fuhlrott, Heinz"]
[Black "Rudolph, Max"]
[Result "0-1"]
[WhiteElo "1762"]
[BlackElo "1797"]
[PlyCount "92"]
[EventDate "2019.10.17"]
[EventType "swiss"]
[EventRounds "7"]
[EventCountry "GER"]
[SourceTitle "EXT 2023"]
[Source "ChessBase"]
[SourceDate "2022.10.05"]
[SourceVersion "1"]
[SourceVersionDate "2022.10.05"]
[SourceQuality "1"]

1. e4 d5 2. exd5 Qxd5 3. Nc3 Qd6 4. d4 Nf6 5. Be2 a6 6. g3 Bf5 7. Bf4 Qb6 8. Rb1 Nc6 9. Be3 Nb4 10. Bd3 Nxd3+ 11. cxd3 Qc6 12. f3 e6 13. a3 Bd6 14. Rc1 Nd5 15. Bf2 0-0 16. Nge2 Qd7 17. 0-0 Rac8 18. Ne4 c6 19. Qd2 Bb8 20. Rc2 Rfd8 21. Rfc1 Ba7 22. Nc5 Bxc5 23. dxc5 Nf6 24. Nd4 Bg6 25. f4 Ng4 26. Rc4 Qd5 27. Rd1 Qh5 28. h4 Rd5 29. Re1 Nxf2 30. Kxf2 Rxc5 31. Qc3 Rd5 32. b4 Rcd8 33. Rc5 Rxc5 34. bxc5 Qd5 35. Nf3 Qxd3 36. Qa5 h5 37. Qc7 Qd7 38. Qb6 Re8 39. Ne5 Qd4+ 40. Re3 Re7 41. Nf3 Qd5 42. Qa7 Qd8 43. Ng5 Bf5 44. Qb6 Qxb6 45. cxb6 f6 46. Nxe6 Rxe6 0-1

[Event "Lueneburg distr-ch Haupt"]
[Site "Muenster"]
[Date "2019.10.18"]
[Round "3"]
[White "Rudolph, Max"]
[Black "Weimer, Wilhelm"]
[Result "1/2-1/2"]
[WhiteElo "1797"]
[BlackElo "1650"]
[PlyCount "103"]
[EventDate "2019.10.17"]
[EventType "swiss"]
[EventRounds "7"]
[EventCountry "GER"]
[SourceTitle "EXT 2023"]
[Source "ChessBase"]
[SourceDate "2022.10.05"]
[SourceVersion "1"]
[SourceVersionDate "2022.10.05"]
[SourceQuality "1"]

1. e4 c5 2. b3 d6 3. Bb2 Nd7 4. Nc3 Ngf6 5. Nf3 e6 6. d4 cxd4 7. Qxd4 Qb6 8. Qxb6 Nxb6 9. Nb5 Kd8 10. e5 Ne8 11. Nxd6 Nxd6 12. exd6 f6 13. 0-0-0 Bd7 14. Be2 Rc8 15. Rhe1 e5 16. Bxe5 fxe5 17. Nxe5 Be8 18. Bg4 Rc5 19. d7 Be7 20. dxe8Q+ Kxe8 21. Nd3 Rc7 22. Re4 Kf7 23. Ne5+ Kf6 24. Nd7+ Nxd7 25. Rxd7 Ba3+ 26. Kb1 Rxd7 27. Bxd7 Rd8 28. Bg4 Be7 29. c4 Rd2 30. Re2 Rxe2 31. Bxe2 Ke5 32. Kc2 Kd4 33. h3 g5 34. Bf3 b6 35. a4 Bb4 36. Bc6 Be1 37. Kd1 Bxf2 38. Ke2 Be3 39. a5 Bf4 40. axb6 axb6 41. Kf3 h5 42. g3 Bd6 43. Be8 h4 44. gxh4 gxh4 45. Kg4 Be7 46. Kf5 Kc5 47. Ke6 Bd8 48. Kd7 Bg5 49. Kc7 Be3 50. Bb5 Bd2 51. Kb7 Bb4 52. Kc7 1/2-1/2

[Event "Lueneburg distr-ch Meister"]
[Site "Tostedt"]
[Date "2015.10.25"]
[Round "7.8"]
[White "Von Estorff, Jacob"]
[Black "Rudolph, Max"]
[Result "1/2-1/2"]
[WhiteElo "1838"]
[BlackElo "1815"]
[PlyCount "44"]
[EventDate "2015.10.22"]
[EventType "swiss"]
[EventRounds "7"]
[EventCountry "GER"]
[SourceTitle "EXT 2019"]
[Source "ChessBase"]
[SourceDate "2018.10.10"]
[SourceVersion "1"]
[SourceVersionDate "2018.10.10"]
[SourceQuality "1"]

1. e4 d5 2. exd5 Qxd5 3. Nc3 Qd6 4. d4 Nf6 5. Nf3 a6 6. Be2 Bf5 7. 0-0 Nc6 8. Be3 0-0-0 9. Na4 e5 10. c3 h5 11. Nc5 Ne4 12. Nxe4 Bxe4 13. dxe5 Nxe5 14. Qxd6 Bxd6 15. Nxe5 Bxe5 16. Rfd1 Bd5 17. Bd4 Bxd4 18. Rxd4 g6 19. b3 Be6 20. Rad1 Rxd4 21. Rxd4 Rd8 22. Rxd8+ Kxd8 1/2-1/2

[Event "Lueneburg distr-ch Meister"]
[Site "Tostedt"]
[Date "2015.10.23"]
[Round "3.6"]
[White "Rudolph, Max"]
[Black "Hallekamp, Gerhard"]
[Result "0-1"]
[WhiteElo "1815"]
[BlackElo "2085"]
[PlyCount "58"]
[EventDate "2015.10.22"]
[EventType "swiss"]
[EventRounds "7"]
[EventCountry "GER"]
[SourceTitle "EXT 2019"]
[Source "ChessBase"]
[SourceDate "2018.10.10"]
[SourceVersion "1"]
[SourceVersionDate "2018.10.10"]
[SourceQuality "1"]

1. Nf3 d5 2. g3 Nf6 3. Bg2 c5 4. 0-0 Nc6 5. d4 cxd4 6. Nxd4 e5 7. Nxc6 bxc6 8. c4 Rb8 9. Nc3 d4 10. Bxc6+ Bd7 11. Bxd7+ Qxd7 12. Nb1 h5 13. Nd2 h4 14. Nf3 Bd6 15. c5 Bc7 16. e4 hxg3 17. fxg3 Qc6 18. Ng5 Qxc5 19. Qd3 Ba5 20. a3 Bb6 21. Bd2 Bd8 22. Bb4 Qb5 23. Qb3 Rb7 24. Rac1 d3 25. Rc5 Bb6 26. Kh1 Bxc5 27. Nxf7 Qc6 28. Qc4 Rxf7 29. Qxc5 Qxc5 0-1

[Event "Naumburg Osteropen 9th"]
[Site "Naumburg Saale"]
[Date "2014.04.21"]
[Round "5.11"]
[White "Rudolph, Max"]
[Black "Haenisch, Christoph"]
[Result "1-0"]
[WhiteElo "1650"]
[BlackElo "1893"]
[PlyCount "99"]
[EventDate "2014.04.19"]
[EventType "swiss"]
[EventRounds "5"]
[EventCountry "GER"]
[SourceTitle "EXT 2020"]
[Source "ChessBase"]
[SourceDate "2019.10.17"]
[SourceVersion "1"]
[SourceVersionDate "2019.10.17"]
[SourceQuality "1"]

1. Nf3 d5 2. g3 Nf6 3. Bg2 Bf5 4. 0-0 e6 5. c4 c6 6. cxd5 cxd5 7. Nc3 Nc6 8. d4 Be7 9. Bf4 0-0 10. Rc1 Rc8 11. Na4 Nd7 12. Qb3 Na5 13. Rxc8 Qxc8 14. Qb5 Nc6 15. Rc1 Qa8 16. e3 Be4 17. Nc3 Bxf3 18. Bxf3 Rc8 19. g4 a6 20. Qe2 Nb6 21. Qd1 Nc4 22. Na4 Qa7 23. Be2 b5 24. Bxc4 dxc4 25. Nc3 Nb4 26. Bg3 Nd3 27. Rc2 Qb7 28. Ne2 g5 29. Nc1 Nb4 30. Rd2 Qe4 31. h3 Nd5 32. a3 Nb6 33. Ne2 Qf3 34. Nc3 Qxd1+ 35. Rxd1 Rd8 36. Bc7 Nd5 37. Bxd8 Nxc3 38. bxc3 Bxd8 39. Kg2 Be7 40. Ra1 Kf8 41. Kf3 Ke8 42. Ke4 Kd7 43. f4 h6 44. a4 b4 45. cxb4 Bxb4 46. Rc1 c3 47. Kd3 Kc6 48. fxg5 hxg5 49. Rb1 Ba5 50. Rf1 1-0

[Event "Naumburg Osteropen 9th"]
[Site "Naumburg Saale"]
[Date "2014.04.19"]
[Round "2.7"]
[White "Rudolph, Max"]
[Black "Ruemmler, Roland"]
[Result "0-1"]
[WhiteElo "1650"]
[BlackElo "2009"]
[PlyCount "48"]
[EventDate "2014.04.19"]
[EventType "swiss"]
[EventRounds "5"]
[EventCountry "GER"]
[SourceTitle "EXT 2020"]
[Source "ChessBase"]
[SourceDate "2019.10.17"]
[SourceVersion "1"]
[SourceVersionDate "2019.10.17"]
[SourceQuality "1"]

1. Nf3 c5 2. g3 Nc6 3. Bg2 d5 4. 0-0 Nf6 5. d3 e5 6. Nc3 Be7 7. b3 0-0 8. Bb2 a6 9. Nb1 Qc7 10. Nbd2 Rd8 11. Qc1 h6 12. Rb1 Be6 13. h3 e4 14. Bxf6 exf3 15. Bxf3 Bxf6 16. Bg2 Nb4 17. a4 Na2 18. Qa3 Nc3 19. Rbe1 b5 20. Nb1 b4 21. Qc1 Rab8 22. Nxc3 Bxc3 23. Rd1 c4 24. e4 cxb3 0-1

[Event "Augsburg op"]
[Site "Augsburg"]
[Date "2013.12.27"]
[Round "1"]
[White "Seisenberger, Georg"]
[Black "Rudolph, Max"]
[Result "1-0"]
[WhiteElo "2051"]
[BlackElo "1599"]
[PlyCount "126"]
[EventDate "2013.12.27"]
[EventType "swiss"]
[EventRounds "7"]
[EventCountry "GER"]
[SourceTitle "CBM 158 Extra"]
[Source "ChessBase"]
[SourceDate "2014.02.28"]
[SourceVersion "1"]
[SourceVersionDate "2014.02.28"]
[SourceQuality "1"]

1. d4 Nf6 2. c4 c5 3. d5 b5 4. cxb5 a6 5. bxa6 Bxa6 6. Nc3 g6 7. e4 Bxf1 8. Kxf1 d6 9. Nf3 Bg7 10. g3 0-0 11. Kg2 Nbd7 12. Qe2 Nb6 13. a4 Qc7 14. a5 Nbd7 15. Qb5 Rfb8 16. Qa4 Rb4 17. Qc6 Qd8 18. e5 dxe5 19. Re1 e4 20. Ng5 Ne5 21. Qxc5 Nd3 22. Qe3 Nxe1+ 23. Qxe1 Rxa5 24. Rxa5 Qxa5 25. Ncxe4 Rb5 26. Nc3 Rb7 27. Nxf7 Qb6 28. Ne5 Qd8 29. Nc6 Qd7 30. Ne5 Qd8 31. Nc6 Qd7 32. Qe6+ Qxe6 33. dxe6 Kf8 34. Ne5 Ne8 35. Nd7+ Kg8 36. Nc5 Ra7 37. Bg5 Bf6 38. Be3 Ra8 39. N3a4 Nc7 40. b3 Nd5 41. Bd2 Bd4 42. Kf3 Bxc5 43. Nxc5 Rc8 44. b4 Rb8 45. Nd3 Rb6 46. Ke4 Nc7 47. Be3 Rxe6+ 48. Kd4 Ra6 49. Kc5 Ra3 50. Kc4 Kf8 51. Nc5 Ra2 52. b5 Rc2+ 53. Kb3 Rxc5 54. Bxc5 Nxb5 55. Kc4 Nc7 56. h4 Kf7 57. Be3 Ne6 58. Kd5 Kf6 59. g4 h5 60. f3 Kf7 61. g5 Nc7+ 62. Kc6 Ne6 63. Kd7 Nc5+ 1-0